| 000 | 00566nab a22001697a 4500 | ||
|---|---|---|---|
| 003 | OSt | ||
| 005 | 20250430030727.0 | ||
| 008 | 250404t2005 |||||||| |||| 00| 0 eng d | ||
| 040 | _cJMCFI - Learning Resource Center | ||
| 082 | _aPer. 370.7’051 M689 2004-2006 | ||
| 100 |
_aAcebedo, Rolando Umblas _929817 |
||
| 245 |
_aTeachers are for teachers / _cRolando Umblas Acebedo. |
||
| 260 |
_aManila : _bThe Grade School, Inc., _c2005. |
||
| 650 |
_aTeachers. _92166 |
||
| 773 |
_g, volume 54, number 7 (December 2005) page 283. _tThe Modern Teacher |
||
| 942 |
_cPER. _n0 _2lcc |
||
| 999 |
_c9458 _d9458 |
||